Gospel and cultures : (Registro nro. 55421)
[ vista simple ]
| 000 -LÍDER | |
|---|---|
| Campo fijo de descripción fija | 01191aab a2200253 i 4500 |
| 001 - NÚMERO DE CONTROL | |
| Campo de control | 768714001 |
| 003 - IDENTIFICADOR DEL NÚMERO DE CONTROL | |
| Campo de control | CO-MdFUSB |
| 005 - FECHA Y HORA DE LA ULTIMA TRANSACCIÓN | |
| control field | 20240705091243.0 |
| 008 - ELEMENTOS DE LONGITUD FIJA -- INFORMACIÓN GENERAL | |
| Campo fijo de descripción fija -- Información general | 240705t1996 sz ||||| |||| 00| 0 eng d |
| 040 ## - FUENTE DE CATALOGACIÓN | |
| Idioma de catalogación | spa |
| Agencia que realiza la transcripción | CO-MdFUSB |
| 041 ## - CÓDIGO DE IDIOMA | |
| Código de idioma para texto/pista de sonido o título separado | eng |
| 100 1# - ASIENTO PRINCIPAL--NOMBRE PERSONAL | |
| Nombre personal | Sabra, George |
| Término relacionador | autor |
| 245 10 - TÍTULO | |
| Título | Gospel and cultures : |
| Subtitulo | a middle eastern perspective |
| Mención de responsabilidad | / George Sabra |
| 520 ## - NOTA DE RESUMEN, ETC. | |
| Nota de sumario, etc. | La relación entre evangelio y cultura es esencial. No hay duda de la importancia vital y central de este tema para la Iglesia y la teología. A través de nuestras experiencias culturales, transmitimos y experimentamos el evangelio de diferentes maneras.<br/>A continuación, se ofrece algunas ideas sobre cómo mirar la relación entre el evangelio y la cultura en el contexto del Medio Oriente. |
| 546 ## - NOTA DE IDIOMA | |
| Nota de idioma | Texto en inglés. |
| 650 #7 - ASIENTO SECUNDARIO DE MATERIA - TERMINO TEMÁTICO | |
| Término temático o nombre geográfico como elemento de entrada | Cristianismo y cultura |
| 9 (RLIN) | 6959 |
| 650 #7 - ASIENTO SECUNDARIO DE MATERIA - TERMINO TEMÁTICO | |
| Término temático o nombre geográfico como elemento de entrada | Teología doctrinal |
| 9 (RLIN) | 179 |
| 650 #0 - ASIENTO SECUNDARIO DE MATERIA - TERMINO TEMÁTICO | |
| Término temático o nombre geográfico como elemento de entrada | Protestantismo |
| 9 (RLIN) | 947 |
| 650 #0 - ASIENTO SECUNDARIO DE MATERIA - TERMINO TEMÁTICO | |
| Término temático o nombre geográfico como elemento de entrada | Evangelización |
| 9 (RLIN) | 362 |
| 650 #0 - ASIENTO SECUNDARIO DE MATERIA - TERMINO TEMÁTICO | |
| Término temático o nombre geográfico como elemento de entrada | Reforma de la iglesia |
| 9 (RLIN) | 958 |
| 773 0# - ASIENTO DE ITEM FUENTE | |
| Título | Reformed World |
| Biblionumber | 49396 |
| Itemnumber | 59536 |
| Parte(s) relacionada(s) / Volumen., número. (mes año), páginas | Volumen 46, (número 1, 1996) páginas: 12 - 14 |
| Enumeración y primera página | página: 12 |
| 942 ## - TIPO DE MATERIAL (KOHA) | |
| Tipo de Item KOHA | Artículos de Revista |
| 945 ## - INFORMACIÓN LOCAL DEL REGISTRO | |
| Catalogador | Catherine Arias Álvarez - Practicante SENA |
No hay ítems disponibles.
